<?xml version="1.0" encoding="UTF-8"?><?xml-stylesheet type="text/xsl" href="static/style.xsl"?><OAI-PMH xmlns="http://www.openarchives.org/OAI/2.0/" xmlns:xsi="http://www.w3.org/2001/XMLSchema-instance" xsi:schemaLocation="http://www.openarchives.org/OAI/2.0/ http://www.openarchives.org/OAI/2.0/OAI-PMH.xsd"><responseDate>2026-04-14T03:21:10Z</responseDate><request verb="GetRecord" identifier="oai:www.recercat.cat:10230/59250" metadataPrefix="marc">https://recercat.cat/oai/request</request><GetRecord><record><header><identifier>oai:recercat.cat:10230/59250</identifier><datestamp>2025-12-18T01:09:41Z</datestamp><setSpec>com_2072_6</setSpec><setSpec>col_2072_452952</setSpec></header><metadata><record xmlns="http://www.loc.gov/MARC21/slim" xmlns:dcterms="http://purl.org/dc/terms/" xmlns:xsi="http://www.w3.org/2001/XMLSchema-instance" xmlns:doc="http://www.lyncode.com/xoai" xsi:schemaLocation="http://www.loc.gov/MARC21/slim http://www.loc.gov/standards/marcxml/schema/MARC21slim.xsd">
   <leader>00925njm 22002777a 4500</leader>
   <datafield ind2=" " ind1=" " tag="042">
      <subfield code="a">dc</subfield>
   </datafield>
   <datafield ind2=" " ind1=" " tag="720">
      <subfield code="a">Fernández Cavia, Josep, 1963-</subfield>
      <subfield code="e">author</subfield>
   </datafield>
   <datafield ind2=" " ind1=" " tag="720">
      <subfield code="a">Martín Guart, Ramon</subfield>
      <subfield code="e">author</subfield>
   </datafield>
   <datafield ind2=" " ind1=" " tag="260">
      <subfield code="c">2024-02-26T07:21:49Z</subfield>
   </datafield>
   <datafield ind2=" " ind1=" " tag="260">
      <subfield code="c">2024-02-26T07:21:49Z</subfield>
   </datafield>
   <datafield ind2=" " ind1=" " tag="260">
      <subfield code="c">2014</subfield>
   </datafield>
   <datafield ind2=" " ind1=" " tag="520">
      <subfield code="a">El sector de la publicidad vive una situación de cambio estructural, consecuencia de una mayor cercanía entre tecnología y medios de comunicación. El objetivo de este artículo es reflexionar sobre los desafíos a los que se enfrentará el profesional de la publicidad en este nuevo ecosistema mediático. Para ello se ha planteado una investigación exploratoria destinada a recabar la opinión de los profesionales mediante una encuesta vía Internet, distribuida en España y Latinoamérica principalmente. Los resultados plasman cómo la división actual de medios tradicionales tiende a una conversión multiplataforma que facilita que el individuo acceda permanentemente a contenidos audiovisuales. En este sentido, surgen nuevos puntos de contacto con el consumidor, derivados de la interacción con los dispositivos móviles y las redes sociales, evolucionando hacia el marketing 4.0, donde prevalece la predicción y la capacidad de anticipar tendencias, ya que cada marca debe conocer lo que el cliente necesita antes de que lo requiera.</subfield>
   </datafield>
   <datafield tag="653" ind2=" " ind1=" ">
      <subfield code="a">Agencias de medios</subfield>
   </datafield>
   <datafield tag="653" ind2=" " ind1=" ">
      <subfield code="a">Medios de comunicación</subfield>
   </datafield>
   <datafield tag="653" ind2=" " ind1=" ">
      <subfield code="a">Medios sociales</subfield>
   </datafield>
   <datafield tag="653" ind2=" " ind1=" ">
      <subfield code="a">Internet</subfield>
   </datafield>
   <datafield tag="653" ind2=" " ind1=" ">
      <subfield code="a">Publicidad</subfield>
   </datafield>
   <datafield ind2="0" ind1="0" tag="245">
      <subfield code="a">La publicidad y la agencia de medios frente al cambio en el ecosistema mediático</subfield>
   </datafield>
</record></metadata></record></GetRecord></OAI-PMH>